| 000 | 01249nam a2200301Ia 4500 | ||
|---|---|---|---|
| 001 | dia_5293 | ||
| 003 | CHAP | ||
| 005 | 20251023161240.0 | ||
| 008 | 220117s2010 xx 000 0 und d | ||
| 010 | _a176203 | ||
| 020 | _a970-9752-01-4 | ||
| 040 | _cCHAP | ||
| 082 | _a589.2098 H33 2010 | ||
| 245 |
_aHacia un desarrollo sostenible del sistema de producción-consumo de los hongos comestibles y medicinales en Latinoamérica : avances y perspectivas en el siglo XXI / _c edición D. Martínez-Carrera...[et al.] |
||
| 260 |
_aMéxico : _b Red Latinoamericana de Hongos Comestibles y Medicinales :, _b COLPOS :, _b UNS :, _b CONACYT :, _b AMC :, _b UAEM :, _b UPAEP :, _b IMINAP, _c2010 |
||
| 300 | _axv, 648 p. | ||
| 504 | _aIncluye bibliografías | ||
| 590 | _aQK617 H33 2010 | ||
| 650 |
_aHongos comestibles _xLatinoamérica _xProducción _9158140 |
||
| 650 |
_aHongos _xLatinoamérica _9158141 |
||
| 650 |
_aMateria médica vegetal _xLatinoamérica _9158142 |
||
| 650 |
_aMushrooms, Edible _xLatinamerica _xIdentification _9158143 |
||
| 650 |
_aMushrooms _xLatinamerica _9158144 |
||
| 901 | _a589.2098 H33 2010 | ||
| 902 | _aM | ||
| 905 | _a5232272010 mx mdmn8223223322spa16 | ||
| 942 |
_cLIBRO _2ddc |
||
| 999 |
_c176203 _d176203 |
||